<?xml version="1.0" encoding="UTF-8"?>
<record
    xmlns:xsi="http://www.w3.org/2001/XMLSchema-instance"
    xsi:schemaLocation="http://www.loc.gov/MARC21/slim http://www.loc.gov/standards/marcxml/schema/MARC21slim.xsd"
    xmlns="http://www.loc.gov/MARC21/slim">

  <leader>01803nam a2200277 a 4500</leader>
  <controlfield tag="001">000000827</controlfield>
  <controlfield tag="005">20200929145422.0</controlfield>
  <controlfield tag="008">090527s2002    sp            000 0 spa d</controlfield>
  <datafield tag="020" ind1=" " ind2=" ">
    <subfield code="a">8449315492</subfield>
  </datafield>
  <datafield tag="020" ind1=" " ind2=" ">
    <subfield code="a">9788449315497</subfield>
  </datafield>
  <datafield tag="040" ind1=" " ind2=" ">
    <subfield code="a">DO-SdBNP</subfield>
    <subfield code="b">spa</subfield>
    <subfield code="c">BNPHU</subfield>
  </datafield>
  <datafield tag="082" ind1=" " ind2=" ">
    <subfield code="a">327.1273</subfield>
    <subfield code="b">J35h</subfield>
  </datafield>
  <datafield tag="100" ind1="1" ind2=" ">
    <subfield code="a">Jeffreys-Jones, Rhodri</subfield>
    <subfield code="9">2898</subfield>
  </datafield>
  <datafield tag="245" ind1="1" ind2="0">
    <subfield code="a">Historia de los servicios secretos norteamericanos /</subfield>
    <subfield code="c">Rhodri Jeffreys-Jones ; traducci&#xF3;n Mara Pino Moreno.</subfield>
  </datafield>
  <datafield tag="260" ind1=" " ind2=" ">
    <subfield code="a">Barcelona :</subfield>
    <subfield code="b">Paid&#xF3;s,</subfield>
    <subfield code="c">2002.</subfield>
  </datafield>
  <datafield tag="300" ind1=" " ind2=" ">
    <subfield code="a">392 p. ;</subfield>
    <subfield code="c">24 cm.</subfield>
  </datafield>
  <datafield tag="490" ind1="0" ind2=" ">
    <subfield code="a">Paid&#xF3;s historia contemporanea ;</subfield>
    <subfield code="v">016</subfield>
  </datafield>
  <datafield tag="500" ind1=" " ind2=" ">
    <subfield code="a">T&#xED;tulo original en ingl&#xE9;s: Cloak and dollar</subfield>
  </datafield>
  <datafield tag="500" ind1=" " ind2=" ">
    <subfield code="a">Incluye bibliograf&#xED;a y notas al pie de las p&#xE1;ginas</subfield>
  </datafield>
  <datafield tag="500" ind1=" " ind2=" ">
    <subfield code="a">Incluye &#xED;ndice anal&#xED;tico y de nombres</subfield>
  </datafield>
  <datafield tag="505" ind1="0" ind2=" ">
    <subfield code="a">Mirando hacia atr&#xE1;s con terror: pr&#xF3;logo de la segunda edici&#xF3;n -- Pr&#xF3;logo -- Abreviaturas de las notas -- El esp&#xED;a norteamericano como estafador -- El estilo de Washington -- El legado de Allan Pinkerton -- &#xBF;Desmantel&#xF3; Wilkie la red de espionaje de Montreal? -- U-1: la agencia que nadie conoc&#xED;a -- Burns, Hoover y el desarrollo de la tradici&#xF3;n del FBI -- H.O. Yardley: el h&#xE9;roe traidor -- Pearl Harbor en la historia del servicio de inteligencia -- La propaganda de lo superfluo: Will Bill Donovan y la OSS -- Allen Dulles y la CIA -- Cuba, Vietnam y el interludio ret&#xF3;rico -- &#xBF;Reform&#xF3; el senador Church el servicio de inteligencia? -- La era Casey-Reagan: de la historia a la victoria -- &#xBF;el verdadero siglo americano? -- Bibliograf&#xED;a -- &#xCD;ndice anal&#xED;tico y de nombres.</subfield>
  </datafield>
  <datafield tag="650" ind1=" " ind2="4">
    <subfield code="a">Servicio de inteligencia</subfield>
    <subfield code="z">Estados Unidos</subfield>
    <subfield code="9">2899</subfield>
  </datafield>
  <datafield tag="650" ind1=" " ind2="4">
    <subfield code="a">Servicio secreto</subfield>
    <subfield code="z">Estados Unidos</subfield>
    <subfield code="y">HISTORIA</subfield>
    <subfield code="9">2900</subfield>
  </datafield>
  <datafield tag="700" ind1="1" ind2=" ">
    <subfield code="a">Pino Moreno, Mara,</subfield>
    <subfield code="e">tr.</subfield>
    <subfield code="9">2901</subfield>
  </datafield>
  <datafield tag="830" ind1=" " ind2="0">
    <subfield code="a">Paid&#xF3;s historia contemporanea</subfield>
    <subfield code="n">016</subfield>
    <subfield code="9">2902</subfield>
  </datafield>
  <datafield tag="952" ind1=" " ind2=" ">
    <subfield code="0">0</subfield>
    <subfield code="1">0</subfield>
    <subfield code="7">5</subfield>
    <subfield code="8">DS</subfield>
    <subfield code="a">BNPHU</subfield>
    <subfield code="b">BNPHU</subfield>
    <subfield code="c">HD</subfield>
    <subfield code="d">2009-08-26</subfield>
    <subfield code="i">LF1</subfield>
    <subfield code="l">0</subfield>
    <subfield code="o">327.1273 J35h</subfield>
    <subfield code="p">827-10</subfield>
    <subfield code="r">2020-06-25</subfield>
    <subfield code="w">2020-06-25</subfield>
    <subfield code="y">LF1</subfield>
    <subfield code="Z">No se presta</subfield>
  </datafield>
  <datafield tag="999" ind1=" " ind2=" ">
    <subfield code="c">823</subfield>
    <subfield code="d">823</subfield>
  </datafield>
</record>
